Statistics for 非音譯城市名

Click here to take the quiz!

General Stats

  • This quiz has been taken 8 times
    (4 since last reset)
  • The average score is 13 of 21

Answer Stats

中文CountryEnglish% Correct
水牛城United StatesBuffalo
100%
檀香山United StatesHonolulu
100%
小石城United StatesLittle Rock
100%
牛津United KingdomOxford
100%
鳳凰城United StatesPhoenix
100%
鹽湖城United StatesSalt Lake City
100%
舊金山United StatesSan Francisco
100%
海參崴RussiaVladivostok
100%
基督城New ZealandChristchurch
75%
自由城Sierra LeoneFreetown
75%
太子港HaitiPort-au-Prince
75%
美景市BrazilBelo Horizonte
50%
皇后鎮New ZealandQueenstown
50%
黃金海岸AustraliaGold Coast
25%
新山MalaysiaJohor Bahru
25%
愉港BrazilPorto Alegre
25%
陽光海岸AustraliaSunshine Coast
25%
泗水IndonesiaSurabaya
25%
巨港IndonesiaPalembang
0%
黑角CongoPointe-Noire
0%
日惹IndonesiaYogyakarta
0%

Score Distribution

Percentile by Number Answered

Percent of People with Each Score

Your Score History

You have not taken this quiz since the last reset